Vzory testov na prijímacie skúšky z francúzštiny, španielčiny, taliančiny a ruštiny [2000/2001]
Enregistré dans:
| Collectivité auteur: | |
|---|---|
| Format: | Livre |
| Langue: | français espagnol italien russe |
| Publié: |
Bratislava
Vydavateľstvo EKONÓM
[2000]
|
| Sujets: | |
| Tags: |
Pas de tags, Soyez le premier à ajouter un tag!
|
MARC
| LEADER | 00000nam a2200000 4500 | ||
|---|---|---|---|
| 001 | c124029 | ||
| 005 | 20221108084035.7 | ||
| 020 | |a 80-225-1365-2 | ||
| 041 | 0 | |a fre | |
| 041 | 0 | |a spa | |
| 041 | 0 | |a ita | |
| 041 | 0 | |a rus | |
| 044 | |a SK | ||
| 245 | 1 | 0 | |a Vzory testov na prijímacie skúšky z francúzštiny, španielčiny, taliančiny a ruštiny [2000/2001] |
| 264 | 1 | |a Bratislava |b Vydavateľstvo EKONÓM |c [2000] | |
| 300 | |a 92 s. | ||
| 610 | 2 | 0 | |a jazykoveda |
| 610 | 2 | 0 | |a terminológia |
| 610 | 2 | 0 | |a jazyky cudzie |
| 610 | 2 | 0 | |a testy |
| 610 | 2 | 0 | |a skúšky prijímacie |
| 110 | 2 | |a Ekonomická univerzita v Bratislave | |